Sports Quiz

Random Sports Quiz

NL Players w/.400 OBP in 2000s Quiz Stats

 Plays Quiz not verified by Sporcle

Challenge
Share
Tweet
Embed
Score 0/93 Timer 08:00
0 Plays Today
Year/Team Player % Correct
San Francisco, 2000Barry Bonds
99.1%
San Francisco, 2001Barry Bonds
99.1%
San Francisco, 2002Barry Bonds
99.1%
San Francisco, 2003Barry Bonds
99.1%
San Francisco, 2004Barry Bonds
99.1%
Colorado, 2000Todd Helton
98.6%
Colorado, 2001Todd Helton
98.6%
St. Louis, 2001Albert Pujols
98.6%
Colorado, 2002Todd Helton
98.6%
Colorado, 2003Todd Helton
98.6%
St. Louis, 2003Albert Pujols
98.6%
Colorado, 2004Todd Helton
98.6%
St. Louis, 2004Albert Pujols
98.6%
Colorado, 2005Todd Helton
98.6%
St. Louis, 2005Albert Pujols
98.6%
St. Louis, 2006Albert Pujols
98.6%
Colorado, 2006Todd Helton
98.6%
Colorado, 2007Todd Helton
98.6%
St. Louis, 2007Albert Pujols
98.6%
St. Louis, 2008Albert Pujols
98.6%
St. Louis, 2009Albert Pujols
98.6%
Colorado, 2009Todd Helton
98.6%
Atlanta, 2000Chipper Jones
97.7%
Atlanta, 2001Chipper Jones
97.7%
Atlanta, 2002Chipper Jones
97.7%
Atlanta, 2003Chipper Jones
97.7%
Atlanta, 2007Chipper Jones
97.7%
Atlanta, 2008Chipper Jones
97.7%
Arizona, 2001Luis Gonzalez
96.8%
Arizona, 2002Luis Gonzalez
96.8%
Arizona, 2003Luis Gonzalez
96.8%
Year/Team Player % Correct
Philadelphia, 2007Chase Utley
96.8%
San Diego, 2009Adrian Gonzalez
96.8%
Philadelphia, 2006Ryan Howard
96.3%
Houston, 2001Lance Berkman
95.9%
Houston, 2002Lance Berkman
95.9%
Houston, 2003Lance Berkman
95.9%
Houston, 2004Lance Berkman
95.9%
Chicago Cubs, 2005Derrek Lee
95.9%
Houston, 2005Lance Berkman
95.9%
Houston, 2006Lance Berkman
95.9%
Chicago Cubs, 2007Derrek Lee
95.9%
Houston, 2008Lance Berkman
95.9%
Florida, 2008Hanley Ramirez
95.4%
Florida, 2009Hanley Ramirez
95.4%
New York Mets, 2007David Wright
94.1%
Montreal, 2000Vladimir Guerrero
93.2%
Montreal, 2002Vladimir Guerrero
93.2%
Houston, 2000Jeff Bagwell
92.7%
Houston, 2002Jeff Bagwell
92.7%
Colorado, 2001Larry Walker
91.3%
Colorado, 2002Larry Walker
91.3%
Colorado, 2003Larry Walker
91.3%
San Francisco, 2000Jeff Kent
87.7%
Cincinnati, 2002Adam Dunn
87.7%
Milwaukee, 2009Prince Fielder
87.7%
Colorado, 2007Matt Holliday
86.3%
Colorado, 2008Matt Holliday
86.3%
Chicago Cubs, 2000Sammy Sosa
83.1%
Chicago Cubs, 2001Sammy Sosa
83.1%
St. Louis, 2000Jim Edmonds
79.5%
St. Louis, 2001Jim Edmonds
79.5%
Year/Team Player % Correct
St. Louis, 2002Jim Edmonds
79.5%
St. Louis, 2004Jim Edmonds
79.5%
Cincinnati, 2009Joey Votto
77.2%
Pittsburgh, 2005Jason Bay
74%
Pittsburgh, 2000Brian Giles
73.5%
Pittsburgh, 2001Brian Giles
73.5%
Pittsburgh, 2002Brian Giles
73.5%
Pittsburgh/San Diego, 2003Brian Giles
73.5%
San Diego, 2005Brian Giles
73.5%
St. Louis, 2004Scott Rolen
73.1%
Los Angeles Dodgers, 2000Gary Sheffield
72.1%
Los Angeles Dodgers, 2001Gary Sheffield
72.1%
Atlanta, 2002Gary Sheffield
72.1%
Atlanta, 2003Gary Sheffield
72.1%
Philadelphia, 2007Pat Burrell
68.5%
Florida, 2006Miguel Cabrera
64.4%
Florida, 2007Miguel Cabrera
64.4%
Philadelphia, 2000Bobby Abreu
59.8%
Philadelphia, 2002Bobby Abreu
59.8%
Philadelphia, 2003Bobby Abreu
59.8%
Philadelphia, 2004Bobby Abreu
59.8%
Philadelphia, 2005Bobby Abreu
59.8%
Washington, 2005Nick Johnson
57.1%
Washington, 2006Nick Johnson
57.1%
Washington/Florida, 2009Nick Johnson
57.1%
Houston, 2000Moises Alou
44.3%
Florida, 2000Luis Castillo
41.1%
Colorado, 2006Garrett Atkins
39.7%
New York Mets, 2000Edgardo Alfonzo
36.1%
Atlanta, 2004J.D. Drew
34.2%
Pittsburgh, 2000Jason Kendall
31.1%

You're not logged in!

Compare scores with friends on all Sporcle quizzes.
OR
Log In

You Might Also Like...

Show Comments

Extras

Created Jun 10, 2010ReportNominate
Tags:2000, 400, obp, On Base, percentage, player, team

Top Quizzes Today


Score Distribution

Your Account Isn't Verified!

In order to create a playlist on Sporcle, you need to verify the email address you used during registration. Go to your Sporcle Settings to finish the process.

Report this User

Report this user for behavior that violates our Community Guidelines.

Details: